000 00754nam a22002297a 4500
008 240606b mp ||||| |||| 00| 0 mon d
020 _a978-99978-3-839-1
035 _a21935
040 _aBUL0163080
_bmon
_cMN-UlNLM
_dMN-UlNLM
_erda
041 _amon
042 _a44413
084 _2NNA
_a84 /5Ту/
_bП 15
100 _aПамук О.
245 0 _aМиний нэр улаан
264 _aУлаанбаатар
_b"Соёмбо пресс"хэвлэлийн г
_c2018
300 _a596 х.
336 _2rdacontent
_atext
_btxt
337 _2rdamedia
_aunmediated
_bn
338 _2rdacarrier
_avolume
_bnc
650 _aРоман Миний нэр улаан, Орхан Памук, Роман, 2018, Памук О.
942 _2NNA
_cBK
999 _c859021
_d859078